[Event "Regionalliga NW 0506"]
[Site "Bayern"]
[Date "2006.02.19"]
[Round "7.6"]
[White "Suess, Mirco"]
[Black "Ruetzel, Wolfgang"]
[Result "1/2-1/2"]
[WhiteElo "1902"]
[BlackElo "2005"]
[PlyCount "52"]
[EventDate "2005.10.23"]
[EventType "team-tourn"]
[EventRounds "9"]
[EventCountry "GER"]
[SourceTitle "EXT 2007"]
[Source "ChessBase"]
[SourceDate "2006.11.23"]
[SourceVersion "1"]
[SourceVersionDate "2006.11.23"]
[SourceQuality "1"]

1. e4 c5 2. Ne2 Nc6 3. Nbc3 e6 4. g3 d5 5. d3 d4 6. Nb1 g6 7. Bg2 Bg7 8. Nd2 Nge7 9. a4 0-0 10. 0-0 e5 11. b3 Be6 12. f4 f6 13. Ba3 b6 14. Nc4 Qd7 15. fxe5 fxe5 16. Qd2 h6 17. Kh1 Kh7 18. Ng1 Ng8 19. Rxf8 Rxf8 20. Nb2 Nf6 21. Rf1 Qe7 22. Nd1 Nh5 23. Rxf8 Qxf8 24. Qf2 Qe7 25. Bh3 Nf6 26. Qf3 Qd7 1/2-1/2

[Event "Regionalliga NW 0506"]
[Site "Bayern"]
[Date "2005.11.27"]
[Round "3.6"]
[White "Ruetzel, Wolfgang"]
[Black "Hefter, Franz"]
[Result "1/2-1/2"]
[WhiteElo "2005"]
[BlackElo "1917"]
[PlyCount "97"]
[EventDate "2005.10.23"]
[EventType "team-tourn"]
[EventRounds "9"]
[EventCountry "GER"]
[SourceTitle "EXT 2007"]
[Source "ChessBase"]
[SourceDate "2006.11.23"]
[SourceVersion "1"]
[SourceVersionDate "2006.11.23"]
[SourceQuality "1"]

1. c4 c6 2. Nf3 d5 3. b3 Bf5 4. g3 Nf6 5. Bg2 h6 6. Bb2 Nbd7 7. 0-0 e6 8. d3 Be7 9. Nbd2 0-0 10. a3 Re8 11. Qc2 Qc7 12. b4 a5 13. e4 dxe4 14. dxe4 Bh7 15. c5 Red8 16. Rfe1 axb4 17. axb4 b6 18. Nb3 Rxa1 19. Bxa1 bxc5 20. bxc5 Qa7 21. Nfd4 Qa4 22. Rc1 Rb8 23. f3 e5 24. Nd2 Qxc2 25. Nxc2 Bxc5+ 26. Kf1 Ne8 27. Bh3 Nef6 28. Nc4 Rb3 29. Ke2 g5 30. Nxe5 Nxe5 31. Bxe5 Ne8 32. Ra1 Kf8 33. Ra8 Ke7 34. Nd4 Rb2+ 35. Kd3 Bxd4 36. Bxd4 Rxh2 37. Bc5+ Kf6 38. Bd4+ Ke7 39. Bc5+ Kf6 40. Bd7 Nc7 41. Rh8 Bg6 42. Rc8 Ne6 43. Rxc6 h5 44. Ke3 h4 45. gxh4 Rxh4 46. Kf2 Bh5 47. Kg2 Rf4 48. Bxe6 fxe6 49. Bd4+ 1/2-1/2

[Event "Bahn-chM"]
[Site "Winterberg"]
[Date "2004.09.30"]
[Round "4"]
[White "Just, Wolfgang"]
[Black "Ruetzel, Wolfgang"]
[Result "1-0"]
[WhiteElo "1999"]
[BlackElo "1998"]
[PlyCount "81"]
[EventDate "2004.09.26"]
[EventType "swiss"]
[EventRounds "7"]
[EventCountry "GER"]
[SourceTitle "EXT 2013"]
[Source "ChessBase"]
[SourceDate "2012.11.22"]
[SourceVersion "1"]
[SourceVersionDate "2012.11.22"]
[SourceQuality "1"]

1. f4 g6 2. Nf3 Bg7 3. e4 d5 4. e5 h5 5. Nc3 Bg4 6. d4 c6 7. Be2 e6 8. 0-0 Nh6 9. Be3 Nd7 10. Qe1 Nf5 11. Bf2 Bf8 12. h3 Bxf3 13. Bxf3 h4 14. Bg4 Be7 15. Nd1 Qc7 16. c3 c5 17. Ne3 a6 18. Qd2 Nxe3 19. Bxe3 b5 20. a4 Qb7 21. Qc2 Rg8 22. axb5 axb5 23. dxc5 Nxc5 24. Rxa8+ Qxa8 25. b4 Ne4 26. Qd3 Qc6 27. Bd4 Kf8 28. Be2 Ng3 29. Ra1 Nxe2+ 30. Qxe2 Kg7 31. Ra7 Re8 32. Qg4 Kf8 33. Rxe7 Rxe7 34. Bc5 Ke8 35. Qxh4 Rb7 36. Qh8+ Kd7 37. Qf8 Qa6 38. Qxf7+ Kc8 39. Qe8+ Kc7 40. Bd6+ Kb6 41. Qd8+ 1-0

[Event "Bahn-chM"]
[Site "Winterberg"]
[Date "2004.09.27"]
[Round "2"]
[White "Duemmke, Juergen"]
[Black "Ruetzel, Wolfgang"]
[Result "0-1"]
[WhiteElo "1992"]
[BlackElo "1998"]
[PlyCount "122"]
[EventDate "2004.09.26"]
[EventType "swiss"]
[EventRounds "7"]
[EventCountry "GER"]
[SourceTitle "EXT 2013"]
[Source "ChessBase"]
[SourceDate "2012.11.22"]
[SourceVersion "1"]
[SourceVersionDate "2012.11.22"]
[SourceQuality "1"]

1. Nf3 g6 2. e4 Bg7 3. d4 c6 4. Bd3 d5 5. exd5 cxd5 6. h3 Nc6 7. c3 Nh6 8. Bf4 f6 9. Na3 Nf7 10. c4 e5 11. cxd5 exf4 12. dxc6 Qe7+ 13. Kf1 bxc6 14. Qa4 0-0 15. Nc4 Bd7 16. Re1 Qd8 17. Qc2 Re8 18. Rxe8+ Bxe8 19. h4 f5 20. h5 Bxd4 21. hxg6 hxg6 22. Qd2 Bf6 23. Qe2 Rb8 24. Rh3 Rb7 25. Nce5 Re7 26. Bc4 Kg7 27. Bxf7 Bxf7 28. Nxf7 Rxf7 29. Ne5 Re7 30. Nxc6 Rxe2 31. Nxd8 Rxb2 32. Ne6+ Kf7 33. Nxf4 Rxa2 34. Rb3 Bd4 35. Rb7+ Kf6 36. f3 g5 37. Rd7 Bb6 38. Nd5+ Ke6 39. Nxb6 axb6 40. Rb7 Rb2 41. Kg1 Ke5 42. Kh2 Kf4 43. Rd7 Rb4 44. Rd3 b5 45. g3+ Ke5 46. Rd8 g4 47. f4+ Ke4 48. Rd2 Ke3 49. Ra2 Rd4 50. Ra3+ Rd3 51. Ra5 Rd2+ 52. Kg1 b4 53. Rb5 Rb2 54. Re5+ Kf3 55. Re8 Kxg3 56. Kf1 Rf2+ 57. Kg1 Rxf4 58. Rd8 Rf3 59. Rd2 b3 60. Rg2+ Kf4 61. Rd2 Rc3 0-1

[Event "Regionalliga NW 0304"]
[Site "Bayern"]
[Date "2004.04.25"]
[Round "9.6"]
[White "Ruetzel, Wolfgang"]
[Black "Jahrsdoerfer, Gerd"]
[Result "0-1"]
[WhiteElo "1977"]
[BlackElo "2064"]
[PlyCount "102"]
[EventDate "2003.10.12"]
[EventType "team-tourn"]
[EventRounds "9"]
[EventCountry "GER"]
[SourceTitle "EXT 2006"]
[Source "ChessBase"]
[SourceDate "2005.11.24"]
[SourceVersion "1"]
[SourceVersionDate "2005.11.24"]
[SourceQuality "1"]
[WhiteTeam "Burgsinn"]
[BlackTeam "Koenigshofen"]
[WhiteTeamCountry "GER"]
[BlackTeamCountry "GER"]

1. c4 c6 2. Nf3 d5 3. b3 Bf5 4. g3 Nf6 5. Bg2 e6 6. 0-0 Nbd7 7. Bb2 Bd6 8. d3 h6 9. Nbd2 0-0 10. Re1 Bh7 11. e4 dxe4 12. dxe4 e5 13. Qe2 Re8 14. Red1 Bc5 15. h3 Qb6 16. Ne1 Rad8 17. Nd3 Bd4 18. Kh2 Bxb2 19. Nxb2 Nc5 20. f3 Rd4 21. Nf1 Red8 22. Ne3 Qa5 23. Nf1 Ne8 24. Qc2 Ne6 25. Nd3 f6 26. a3 R8d7 27. b4 Qd8 28. Nb2 N8c7 29. h4 Kf8 30. Bh3 Bg8 31. Rxd4 Rxd4 32. Rd1 Rxd1 33. Nxd1 Nd4 34. Qd3 Bxc4 35. Qxc4 Nxf3+ 36. Kh1 Qxd1 37. Qc5+ Ke8 38. Qf2 Nd4 39. Qa2 Qf3+ 40. Bg2 Qb3 41. Qa1 Ncb5 42. a4 Nc3 43. b5 Nce2 44. bxc6 bxc6 45. a5 c5 46. a6 c4 47. Nd2 Qc2 48. Qa5 c3 49. Nc4 Qd1+ 50. Kh2 Nf3+ 51. Kh3 Neg1+ 0-1

[Event "Landesliga Nord 0203"]
[Site "Bayern"]
[Date "2003.02.09"]
[Round "6.8"]
[White "Ruetzel, Wolfgang"]
[Black "Rieger, Martin"]
[Result "1-0"]
[WhiteElo "1971"]
[BlackElo "1986"]
[PlyCount "81"]
[EventDate "2002.10.20"]
[EventType "team"]
[EventRounds "9"]
[EventCountry "GER"]
[SourceTitle "EXT 2004"]
[Source "ChessBase"]
[SourceDate "2003.11.25"]
[SourceVersion "1"]
[SourceVersionDate "2003.11.25"]
[SourceQuality "1"]
[WhiteTeam "Burgsinn"]
[BlackTeam "Neutraubling"]
[WhiteTeamCountry "GER"]
[BlackTeamCountry "GER"]

1. c4 e5 2. Nc3 d6 3. g3 g6 4. Bg2 Bg7 5. e4 f5 6. d3 Nf6 7. Nge2 0-0 8. 0-0 f4 9. gxf4 Nh5 10. fxe5 Nc6 11. d4 dxe5 12. d5 Nd4 13. Nxd4 exd4 14. Ne2 Qh4 15. f3 g5 16. Qe1 d3 17. Qxh4 gxh4 18. Nc3 Bd4+ 19. Rf2 Ng3 20. Bg5 h3 21. hxg3 hxg2 22. Kxg2 Bh3+ 23. Kxh3 Bxf2 24. Kg2 Bd4 25. Rd1 Bxc3 26. bxc3 b6 27. Rxd3 Rae8 28. Re3 Kg7 29. f4 h5 30. f5 Rf7 31. Kf3 a5 32. a4 Ref8 33. Kf4 Kh7 34. Re2 Rg8 35. Rh2 Kg7 36. Rxh5 Rd7 37. Rh6 Rd6 38. f6+ Kf8 39. e5 Rd7 40. e6 Rd6 41. Rh7 1-0

[Event "Landesliga Nord 0203"]
[Site "Bayern"]
[Date "2003.01.12"]
[Round "4.8"]
[White "Ruetzel, Wolfgang"]
[Black "Heimerdinger, Joerg"]
[Result "1/2-1/2"]
[WhiteElo "1971"]
[BlackElo "2021"]
[PlyCount "67"]
[EventDate "2002.10.20"]
[EventType "team"]
[EventRounds "9"]
[EventCountry "GER"]
[SourceTitle "EXT 2004"]
[Source "ChessBase"]
[SourceDate "2003.11.25"]
[SourceVersion "1"]
[SourceVersionDate "2003.11.25"]
[SourceQuality "1"]
[WhiteTeam "Burgsinn"]
[BlackTeam "Bindlach II"]
[WhiteTeamCountry "GER"]
[BlackTeamCountry "GER"]

1. c4 f5 2. Nc3 Nf6 3. g3 g6 4. Bg2 Bg7 5. d3 0-0 6. e4 fxe4 7. dxe4 d6 8. Nge2 c6 9. 0-0 Be6 10. b3 Kh8 11. h3 Nbd7 12. Be3 Qc7 13. Rc1 Bg8 14. Qd2 Rad8 15. f4 Qb8 16. g4 a6 17. Ng3 b5 18. cxb5 axb5 19. g5 Ne8 20. h4 b4 21. Nce2 c5 22. h5 gxh5 23. Nxh5 Qb5 24. Nxg7 Nxg7 25. Ng3 Bf7 26. Bf3 Kg8 27. Kg2 c4 28. bxc4 Bxc4 29. Rh1 Ra8 30. Rc2 Ra3 31. Be2 Bxe2 32. Qxe2 Qxe2+ 33. Rxe2 Rfa8 34. Rb1 1/2-1/2

[Event "Landesliga Nord 0102"]
[Site "Bayern"]
[Date "2002.02.03"]
[Round "5.7"]
[White "Burggraf, Michael"]
[Black "Ruetzel, Wolfgang"]
[Result "0-1"]
[WhiteElo "2030"]
[BlackElo "1990"]
[PlyCount "60"]
[EventDate "2001.10.07"]
[EventType "team"]
[EventRounds "9"]
[EventCountry "GER"]
[SourceTitle "EXT 2003"]
[Source "ChessBase"]
[SourceDate "2002.11.25"]
[SourceVersion "1"]
[SourceVersionDate "2002.11.25"]
[SourceQuality "1"]
[WhiteTeam "Forchheim II"]
[BlackTeam "Burgsinn"]
[WhiteTeamCountry "GER"]
[BlackTeamCountry "GER"]

1. e4 c5 2. Nc3 Nc6 3. g3 g6 4. Bg2 Bg7 5. d3 e5 6. Be3 d6 7. Qd2 Nge7 8. Bh6 0-0 9. h4 f6 10. Bxg7 Kxg7 11. h5 g5 12. h6+ Kh8 13. f4 gxf4 14. gxf4 exf4 15. 0-0-0 Ng6 16. Nge2 Bg4 17. Rdf1 f3 18. Bxf3 Be6 19. Nf4 Nxf4 20. Qxf4 Qe7 21. Bh5 f5 22. Rfg1 fxe4 23. Qxe4 Qf6 24. Kb1 Qe5 25. Rg7 Bf5 26. Qxe5 Nxe5 27. Rxb7 Rf6 28. Bd1 Bd7 29. Rc7 Bc6 30. b3 Bxh1 0-1

[Event "EU-ch Railways USIC op"]
[Site "Dresden"]
[Date "2000.06.23"]
[Round "5"]
[White "Wallrabenstein, Udo"]
[Black "Ruetzel, Wolfgang"]
[Result "1/2-1/2"]
[WhiteElo "2006"]
[BlackElo "2035"]
[PlyCount "31"]
[EventDate "2000.06.20"]
[EventType "swiss"]
[EventRounds "7"]
[EventCountry "GER"]
[SourceTitle "EXT 2001"]
[Source "ChessBase"]
[SourceDate "2000.11.22"]
[SourceVersion "1"]
[SourceVersionDate "2000.11.22"]
[SourceQuality "1"]

1. c4 g6 2. Nc3 Bg7 3. g3 e5 4. Bg2 d6 5. d3 f5 6. e3 Nf6 7. Nge2 0-0 8. 0-0 a5 9. Bd2 c6 10. a3 Be6 11. Rc1 Nbd7 12. b4 axb4 13. axb4 Qe7 14. b5 Rfc8 15. bxc6 bxc6 16. Na4 1/2-1/2

[Event "Dresden Vdes op"]
[Site "Dresden"]
[Date "2000.01.28"]
[Round "5"]
[White "Gashi, Mustaf"]
[Black "Ruetzel, Wolfgang"]
[Result "0-1"]
[WhiteElo "1867"]
[BlackElo "2034"]
[PlyCount "84"]
[EventDate "2000.01.26"]
[EventType "swiss"]
[EventRounds "7"]
[EventCountry "GER"]
[SourceTitle "EXT 2001"]
[Source "ChessBase"]
[SourceDate "2000.11.22"]
[SourceVersion "1"]
[SourceVersionDate "2000.11.22"]
[SourceQuality "1"]

1. e4 c5 2. Nf3 d6 3. Nc3 Nf6 4. d4 cxd4 5. Nxd4 g6 6. Be2 Bg7 7. Be3 0-0 8. Qd2 Nc6 9. 0-0 Ng4 10. Nxc6 bxc6 11. Bg5 f6 12. Bf4 Be6 13. h3 Ne5 14. Bh6 Nc4 15. Bxc4 Bxc4 16. Rfe1 Qa5 17. Bxg7 Kxg7 18. b3 Bf7 19. Qe3 Rfd8 20. Ne2 e5 21. Ng3 d5 22. Qf3 Be6 23. h4 h5 24. Re3 Bg4 25. Nxh5+ gxh5 26. Qg3 Kf7 27. f3 Be6 28. f4 Rg8 29. Qh2 d4 30. Rd3 Ke7 31. b4 Qc7 32. f5 Bc4 33. Rd2 Qb6 34. a3 Rg4 35. Re1 Rag8 36. Kh1 Rg3 37. Ra1 R8g4 38. Kg1 Qb8 39. Kh1 Qg8 40. Re1 Rf4 41. a4 Qg4 42. Rb1 a6 0-1

[Event "Dresden Vdes op"]
[Site "Dresden"]
[Date "2000.01.26"]
[Round "1"]
[White "Feiertag, Anton"]
[Black "Ruetzel, Wolfgang"]
[Result "0-1"]
[WhiteElo "1670"]
[BlackElo "2034"]
[PlyCount "130"]
[EventDate "2000.01.26"]
[EventType "swiss"]
[EventRounds "7"]
[EventCountry "GER"]
[SourceTitle "EXT 2001"]
[Source "ChessBase"]
[SourceDate "2000.11.22"]
[SourceVersion "1"]
[SourceVersionDate "2000.11.22"]
[SourceQuality "1"]

1. e4 c5 2. Nc3 Nc6 3. Nf3 g6 4. Be2 Bg7 5. 0-0 d6 6. d3 Nf6 7. Bg5 h6 8. Bc1 0-0 9. Re1 Be6 10. Bf1 a6 11. Ne2 Bg4 12. Nd2 b5 13. f3 Bd7 14. Ng3 Qb6 15. Kh1 Kh7 16. Nb1 Rab8 17. Nc3 e6 18. Nce2 Ne8 19. c3 Nc7 20. Bf4 e5 21. Be3 a5 22. Ng1 a4 23. Be2 Ne6 24. Nh3 Nc7 25. Ng1 d5 26. exd5 Nxd5 27. Bf2 f5 28. Rb1 Nd8 29. Rc1 Nf4 30. Bf1 Qd6 31. Qc2 Nde6 32. Rcd1 Rbc8 33. N3e2 Nd5 34. Qb1 b4 35. c4 Nf6 36. Ng3 Rce8 37. N3e2 Nh5 38. Ng3 Nxg3+ 39. Bxg3 f4 40. Bf2 Nd4 41. Ne2 Rf7 42. Nc1 Bc6 43. Kg1 Qd8 44. Be2 Qg5 45. Bxd4 exd4 46. Qc2 Rfe7 47. Qd2 Re3 48. Rf1 Qe5 49. Rf2 Bf6 50. Bf1 Bh4 51. Re2 Qg5 52. Kh1 Qh5 53. a3 b3 54. Rxe3 Rxe3 55. Qa5 Re7 56. Ne2 Qe5 57. Ng1 Bf2 58. Nh3 Be3 59. Qe1 g5 60. Qa5 Bd7 61. Ng1 h5 62. h3 g4 63. hxg4 hxg4 64. fxg4 Bxg4 65. Qa8 Bxd1 0-1

[Event "Bahn-chT"]
[Site "Gemuend"]
[Date "1999.10.26"]
[Round "4.2"]
[White "Ruetzel, Wolfgang"]
[Black "Pustelnik, Jens"]
[Result "1/2-1/2"]
[WhiteElo "2041"]
[BlackElo "1901"]
[PlyCount "109"]
[EventDate "1999.10.24"]
[EventType "team"]
[EventRounds "7"]
[EventCountry "GER"]
[SourceTitle "EXT 2003"]
[Source "ChessBase"]
[SourceDate "2002.11.25"]
[SourceVersion "1"]
[SourceVersionDate "2002.11.25"]
[SourceQuality "1"]
[WhiteTeam "Nuernberg (Bahn)"]
[BlackTeam "Essen (Bahn)"]
[WhiteTeamCountry "GER"]
[BlackTeamCountry "GER"]

1. c4 e5 2. Nc3 f5 3. d4 e4 4. Nh3 Nf6 5. Bg5 Be7 6. e3 d6 7. Nf4 g6 8. Qb3 c5 9. Rd1 Qb6 10. Bxf6 Qxb3 11. axb3 Bxf6 12. Nfd5 Bd8 13. Nb5 Na6 14. Nxd6+ Kf8 15. Be2 Ba5+ 16. Kf1 Bd8 17. f3 cxd4 18. exd4 exf3 19. Bxf3 Rb8 20. Nb5 Bd7 21. Ndc3 Nb4 22. Nxa7 Nc2 23. Rd2 Ne3+ 24. Kf2 Bg5 25. Re2 f4 26. g3 Ng4+ 27. Bxg4 Bxg4 28. Re5 Bf6 29. gxf4 Bxe5 30. fxe5 Kg7 31. Kg3 h5 32. Rf1 Bf5 33. h4 Rbf8 34. Nab5 g5 35. Nd6 Kg6 36. Nd5 gxh4+ 37. Kxh4 Bg4 38. Nf6 b6 39. Ra1 Rxf6 40. exf6 Kxf6 41. Re1 Ra8 42. Ne4+ Kg6 43. Nc3 Rf8 44. Re3 Rf2 45. Kg3 Rxb2 46. Nd5 Rd2 47. Nxb6 Rxd4 48. c5 Bf5 49. Nc4 h4+ 50. Kh2 Bc2 51. Ne5+ Kf6 52. c6 Rd2+ 53. Kh3 Bf5+ 54. Kxh4 Rh2+ 55. Kg3 1/2-1/2